75 One Piece Characters (until timeskip) - Statistics

General Stats
  • This quiz has been taken 948 times
  • The average score is 36 of 75
Answer Stats
Answer % Correct
luffy
99%
zoro
98%
nami
97%
sanji
95%
usopp
94%
chopper
93%
robin
93%
franky
92%
brook
91%
ace
81%
crocodile
79%
shanks
77%
garp
75%
buggy
71%
mihawk
69%
arlong
68%
vivi
68%
aokiji
65%
kizaru
65%
moria
65%
akainu
64%
boa hancock
64%
kuma
64%
trafalgar law
63%
doflamingo
61%
koby
61%
roger
60%
smoker
60%
sabo
59%
dragon
57%
sengoku
56%
jinbei
55%
rayleigh
54%
lucci
53%
kuro
51%
kaku
48%
kidd
48%
marco
47%
tashigi
47%
don krieg
46%
bonclay
45%
jewelry bonney
43%
helmepp
41%
kalifa
40%
killer
40%
hawkins
38%
perona
37%
urouge
37%
scratchmen apoo
36%
ivankov
35%
magellan
32%
mr.3
32%
blueno
31%
drake
31%
laboon
31%
spandam
31%
capone
30%
joz
27%
foxy
24%
vista
22%
tom
20%
bepo
19%
jango
18%
hina
17%
barbe blanche
15%
tsuru
14%
barbe noire
13%
fullbody
10%
icebarg
10%
octy
9%
gaimon
8%
belmer
7%
oz
6%
doctorine
2%
keimi
2%
No matching quizzes found
Score Distribution
Percent of People with Each Score
Percentile by Number Answered
Your Score History
You have not taken this quiz